Фильмы с Биллом Мюрреем - Армагеддон - Statistics

General Stats
  • This quiz has been taken 8 times
  • The average score is 7 of 20
Answers on the Grid
Answers color-coded by a green-red scale on the quiz's grid according to % correct below.
Трудности перевода
О Шмидте
Человек-паук 2
День сурка
А как же Боб?
Человек, который слишком мало знал
Эван Всемогущий
Сломанные цветы
Колыбель будет качаться
Очень страшное кино 5
Святой Винсент
Блюз о лучшей жизни
Каков отец, таков и сын
Там, где бродит бизон
Святые из Бундока
Эд Вуд
Гольф-клуб
Остин Пауэрс:Шпион, который меня...
Знакомство со спартанцами
Космический джем
Ничего хорошего в отеле Эль-Рояль
Достать ножи
Охотники за привидениями
Зомбиленд
Секс-гуру
Бёрдмен
Ангелы Чарли
Разговоры о сексе
Аэроплан!
Отель Гранд-Будапешт
Путешествие Гектора в поисках счастья
Новая рождественская сказка
Идиократия
В горах
Гримсби
Аполлон-13
Правдивая ложь
Королевство восходящей Луны
Бесконечная история
Кофе и сигареты
 
Answer Stats
Answer % Correct
День сурка
100%
Трудности перевода
83%
Там, где бродит бизон
67%
Охотники за привидениями
67%
Зомбиленд
67%
Королевство восходящей Луны
50%
А как же Боб?
33%
Святой Винсент
33%
Отель Гранд-Будапешт
33%
Кофе и сигареты
33%
Сломанные цветы
17%
Колыбель будет качаться
17%
Эд Вуд
17%
Гольф-клуб
17%
Космический джем
17%
Ангелы Чарли
17%
Разговоры о сексе
17%
Новая рождественская сказка
17%
В горах
17%
Человек, который слишком мало знал
0%
No matching quizzes found
Score Distribution
Percent of People with Each Score
Percentile by Number Answered
Your Score History
You have not taken this quiz